00317nam a22001217a 450000500170000002000230001703500120004003700130005210000170006524500530008226000330013530000270016820120606143228.0 a8180380173c350.00 aB-90315 aDPLbENG aRao, SV Joga aEvidence : Cases and materials /cby SV Joga Rao aNew DelhibLexis Nexisc2003 axxviii, 632p.c22 cms.